Informe sobre la situación social en el mundo

Shranjeno v:
Bibliografske podrobnosti
Korporativna značnica: Naciones Unidas
Format: Texto
Izdano: New York: ONU
Oznake: Označite
Brez oznak, prvi označite!

MARC

LEADER 00000 a a2200000 04500
001 22951
003
040
090 |a 157500  
110 |a Naciones Unidas  
245 |a Informe sobre la situación social en el mundo  
260 |a New York:   |b ONU  
300 |a 347 p   |b **no definido**  
999 |c 15172  |d 15172